El filibusterismo : (Record no. 13886)

000 -LEADER
fixed length control field 00536cam a2200169 a 4500
020 ## - ISBN
ISBN 9786214200986
082 00 - DEWEY DECIMAL CLASSIFICATION NUMBER
Classification number Fil 899.21032 R528 2025
100 1# - MAIN ENTRY--PERSONAL NAME
Personal name Rizal, José,
Dates associated with a name 1861-1896.
245 13 - TITLE STATEMENT
Title El filibusterismo :
Remainder of title a novel /
Statement of responsibility, etc. by Jose Rizal ; written by Grace Miranda.
260 ## - PUBLICATION, DISTRIBUTION, ETC. (IMPRINT)
Place of publication, distribution, etc. Mandaluyong City :
Name of publisher, distributor, etc. Anvil Publishing, Inc,
Date of publication, distribution, etc. c2025.
300 ## - PHYSICAL DESCRIPTION
Extent/Page number 50 p.
526 ## - STUDY PROGRAM INFORMATION NOTE
PROGRAM TYPE FILIPINIANA
650 ## - SUBJECT ADDED ENTRY--TOPICAL TERM
Topical term or geographic name as entry element Rizal, Jose P., 1861-1896. El Filibusterismo.
650 ## - SUBJECT ADDED ENTRY--TOPICAL TERM
Topical term or geographic name as entry element Comic books, strips, etc.
700 ## - ADDED ENTRY--PERSONAL NAME/OTHER AUTHORS
Personal name Miranda, Grace R.
942 ## - ADDED ENTRY ELEMENTS
Classification
Item type Book
Holdings
Withdrawn status Lost status Source of classification or shelving scheme Damaged status Not for loan Collection code Permanent Location Current Location Shelving location Date acquired Source of acquisition Cost, normal purchase price Inventory number Total Checkouts Full call number Barcode Date last seen Date last checked out Copy number Cost, replacement price Price effective from Item type
          Filipiniana High School Library High School Library   2025-10-15 Library Budget 125.00 8276 3 Fil 899.21032 R528 2025 HS8276 2026-02-26 2026-02-26 1 450.00 2025-10-15 Book